Finančná analýza vybraného podniku diplomová práca

Saved in:
Bibliographic Details
Main Author: Pokryvačová, Dominika
Corporate Author: Národohospodárska fakulta EU. Katedra financií
Other Authors: Alexy, Martin, 1976-
Format: Book
Language:Slovak
Published: Bratislava 2017
Tags: Add Tag
No Tags, Be the first to tag this record!

MARC

LEADER 00000nbm a2200000 4500
001 0231931
005 20171127150402.4
041 0 |a slo 
044 |a SK 
245 1 0 |a Finančná analýza vybraného podniku  |b diplomová práca  |c Dominika Pokryvačová ; školiteľ: Martin Alexy 
264 1 |a Bratislava  |c 2017 
300 |a 64 s. 
100 1 |a Pokryvačová, Dominika 
700 1 |a Alexy, Martin, 1976- 
710 2 |a Národohospodárska fakulta EU. Katedra financií